A treasury of wit and humour/ (Record no. 6910)

MARC details
000 -LEADER
fixed length control field 00611nam a22002057a 4500
003 - CONTROL NUMBER IDENTIFIER
control field OSt
005 - DATE AND TIME OF LATEST TRANSACTION
control field 20251205022235.0
008 - FIXED-LENGTH DATA ELEMENTS--GENERAL INFORMATION
fixed length control field 251205b |||||||| |||| 00| 0 eng d
020 ## - INTERNATIONAL STANDARD BOOK NUMBER
International Standard Book Number 81-7224-0988
040 ## - CATALOGING SOURCE
Original cataloging agency DWC-Main lib.
Transcribing agency OC
082 ## - DEWEY DECIMAL CLASSIFICATION NUMBER
Classification number Circ. 817 B825t 2005
100 ## - MAIN ENTRY--PERSONAL NAME
Personal name Braude, Jacob M.
245 ## - TITLE STATEMENT
Title A treasury of wit and humour/
Statement of responsibility, etc. Jacob M. Braude
260 ## - PUBLICATION, DISTRIBUTION, ETC.
Place of publication, distribution, etc. Mumbai Delhi :
Name of publisher, distributor, etc. Jaico Publishing,
Date of publication, distribution, etc. c2015.
300 ## - PHYSICAL DESCRIPTION
Extent vii, 269 pages :
Other physical details illustrations ;
Dimensions 18cm.
504 ## - BIBLIOGRAPHY, ETC. NOTE
Bibliography, etc. note Includes index.
650 ## - SUBJECT ADDED ENTRY--TOPICAL TERM
Topical term or geographic name entry element 1. American wit and humour.
650 ## - SUBJECT ADDED ENTRY--TOPICAL TERM
Topical term or geographic name entry element 2. Anecdotes.
942 ## - ADDED ENTRY ELEMENTS (KOHA)
Source of classification or shelving scheme Dewey Decimal Classification
Koha item type Book Circulation
Call number prefix Circ.
Suppress in OPAC No
952 ## - LOCATION AND ITEM INFORMATION (KOHA)
--
Holdings
Withdrawn status Lost status Source of classification or shelving scheme Damaged status Not for loan Home library Current library Shelving location Date acquired Source of acquisition Total Checkouts Full call number Barcode Date last seen Copy number Price effective from Koha item type Uniform Resource Identifier
    Dewey Decimal Classification     College Library College Library Fiction 12/05/2025 Donation   Circ. 817 B825t 2005 CL52764 12/05/2025 c1 12/05/2025 BK-CIRC